000 00631cab a2200205 4500
001 WB2748-58
008 090401t1991 xxu||||| |||| 00| 0 eng d
035 _a(Sirsi) u60601
041 _aeng
245 _aNational forest location chosen
260 _c1991
350 _a0
490 _aFinancial Times
_v9 December 1991, 8(1)
520 _aA boundary surrounding an area to the north west of Leicester has been established by the Countryside Commission for the new National Forest in the Midlands.
650 _aFORESTRY
650 _aNATIONAL FORESTS
690 _aRURAL PRACTICE
942 _n0
948 _c04/03/1997
999 _c37411
_d37411